Statistics for Asian Geography by Letter - G

Click here to take the quiz!

General Stats

  • This quiz has been taken 67 times
  • The average score is 13 of 20

Answer Stats

HintAnswer% Correct
Vast desert in northern China and southern MongoliaGobi Desert
100%
Country in the Caucasus regionGeorgia
98%
River that flows through India and BangladeshGanges
97%
Palestinian territory that borders EgyptGaza Strip
97%
Founder of the Mongol EmpireGenghis Khan
97%
Indian lawyer who used nonviolent resistance to advocate independence from BritainMahatma Gandhi
95%
Official language of CyprusGreek
92%
Main city of the most populous metropolitan area in the worldGuangzhou
89%
Structure built by ancient and Imperial China to protect against Eurasian nomadsGreat Wall of China
87%
Nepali warriors with a reputation for braveryGurkhas
75%
War codenamed Desert Storm by the United StatesGulf War
73%
Region Israel annexed from Syria after the Six Day WarGolan Heights
62%
State in western IndiaGujarat
62%
Province of China the above is located inGuangdong
60%
City of 1.5 million in southwest South KoreaGwangju
33%
Roman province in Anatolia; its churches received a New Testament letter from Paul the ApostleGalatia
32%
City of 6 million in south central ChinaGuiyang
27%
Territory of Pakistan in the Kashmir region; also claimed by IndiaGilgit-Baltistan
10%
Tallest unclimbed mountain in the world, located in BhutanGangkhar Puensum
6%
Himalayan kingdom that existed from 688 until it joined India in 1949Garhwal Kingdom
3%

Score Distribution

Percentile by Number Answered

Percent of People with Each Score

Your Score History

You have not taken this quiz